Regelung und Steuerung für Heiz-,Raumluft-und Sanitartechnische Anlagen

Salvato in:
Dettagli Bibliografici
Natura: Libro
Lingua:tedesco
Pubblicazione: Berlin : Beuth Verlag, 1980
Serie:StLB 070
Tags: Aggiungi Tag
Nessun Tag, puoi essere il primo ad aggiungerne!!

MARC

LEADER 00000nam a22000003a 4500
001 stu31750
005 20150408181031.8
008 940325s1980----gw------------------ger-d
020 |a 3-410-84070-2 
040 |a STU  |b slo 
041 0 |a ger 
044 |a gw 
080 |a 694.14 
245 |a Regelung und Steuerung für Heiz-,Raumluft-und Sanitartechnische Anlagen 
260 |a Berlin :  |b Beuth Verlag,  |c 1980 
300 |a 230 s 
830 0 |a StLB 070 
996 |b J90503  |c J*90503  |l JJST  |s P  |a 0  |w stu31750_0001